[Event "7th ch-Euro Senior"]
[Site "Hockenheim GER"]
[Date "2007.06.10"]
[Round "9"]
[White "Woisetschlaeger,A"]
[Black "Bayer,W"]
[Result "1/2-1/2"]
[WhiteElo "1892"]
[BlackElo "2045"]

1.c4 e5 2.g3 g6 3.Bg2 Bg7 4.Nc3 Ne7 5.d3 O-O 6.Nf3 c6 7.O-O d6 8.Bd2 a5 9.a3 Na6
10.b4 Bd7 11.bxa5 Nc5 12.Ne4 Nxe4 13.dxe4 Qc7 14.Rb1 c5 15.Qb3 Ra7 16.Rfd1 Rd8
17.Ne1 Nc6 18.Nc2 f6 19.e3 Bf8 20.Qb6 Qxb6 21.axb6 Ra4 22.Bf1 Be6 23.f3 Bxc4
24.Rb2 Rda8 25.Kf2 Kf7 26.Be2 Be7 27.h4 Bxe2 28.Kxe2 Ke6 29.Bc3 h5 30.Rh1 Rh8
31.Kd3 Bd8 32.Rf1 Ra6 33.f4 Ne7 34.Ra1 Kd7 35.a4 Rxb6 36.Rxb6 Bxb6 37.a5 Bc7
38.Na3 Ra8 39.Nc4 Kc6 40.Rb1 Ra6 41.Rb2 Nc8 42.Rb1 b5 43.axb6 Nxb6 44.Nxb6 Bxb6
45.Rf1 Ra3 46.Kd2 Ra4 47.fxe5 fxe5 48.Rf6 Rxe4 49.Kd3 Kd5 50.Rxd6+ Kxd6 51.Kxe4 Ke6
52.Bxe5 Ba5 53.Bb2 Be1 54.Kf4 c4 55.Kg5 Bxg3 56.Kxg6 Bxh4 57.Kxh5 Bf6 58.Ba3 Kf5
59.Bb4 Ke4 60.Kg4 Kxe3 61.Kf5 Bd4 62.Ke6 Kd3 63.Kd5 Bf6 64.Ba5 Bc3 65.Bb6 Be1
66.Bd4 Ba5 67.Bc5 Bc3 68.Bd6 Bg7 69.Bb4 Bh6 70.Ba5 Be3 71.Bb4 Bd4 72.Ba5 Bc3
73.Bb6 Bb4 74.Bd4 Bd6 75.Bf6 Bb4 76.Be5 Bc3 77.Bd6 Bd4 78.Bb4 Bb6 79.Be1 Bd4
80.Bb4 Bc3 81.Bd6  1/2-1/2

[Event "XXV Open"]
[Site "Novi Becej SRB"]
[Date "2007.06.12"]
[Round "4"]
[White "Kaposztas,M"]
[Black "Grunberg,M"]
[Result "0-1"]
[WhiteElo "2227"]
[BlackElo "2442"]

1.c4 e5 2.g3 Nf6 3.Bg2 d5 4.cxd5 Nxd5 5.Nf3 Nc6 6.O-O Nb6 7.d3 Be7 8.Nfd2 Be6
9.Nc3 Qd7 10.Nb3 Bh3 11.Be3 Bxg2 12.Kxg2 Nd4 13.f4 Nf5 14.Bg1 h5 15.e4 Nh6
16.Qxh5 exf4 17.Rxf4 O-O-O 18.Qa5 Qxd3 19.Qxa7 Ng4 20.Rxg4 Qc2+ 21.Kf1 Rxh2
22.Bxh2 Qxh2 23.Rf4 Qxg3 24.Ne2 Qh3+ 25.Kg1 Rd6 26.Raf1 Rg6+ 27.Kf2 Rg2+
28.Ke1 Bb4+ 29.Nc3 Bxc3+ 30.bxc3 Qxc3+  0-1

[Event "Salongernas IM"]
[Site "Stockholm SWE"]
[Date "2007.06.12"]
[Round "4"]
[White "Karlsson,L"]
[Black "Winge,S"]
[Result "1-0"]
[WhiteElo "2469"]
[BlackElo "2285"]

1.g3 e5 2.c4 Nf6 3.Bg2 Nc6 4.Nc3 Bb4 5.Nd5 Nxd5 6.cxd5 Ne7 7.Nf3 Ng6 8.O-O O-O
9.d4 d6 10.Qa4 c5 11.dxc6 Ba5 12.dxe5 dxe5 13.Bg5 Qc7 14.cxb7 Bxb7 15.Rfc1 Qb6
16.Be3 Qa6 17.Nxe5 Bxg2 18.Nxg6 hxg6 19.Kxg2 Rfe8 20.Rc2 Re6 21.Kg1 Rb8 22.Rac1 Kh7
23.Qh4+ Kg8 24.Qa4 Kh7 25.a3 Bd8 26.Qxa6 Rxa6 27.Rc8 Rxc8 28.Rxc8 Bf6 29.Rc7 Bxb2
30.Rxf7 Rxa3 31.Bxa7 g5 32.Rd7 Kg6 33.Bd4 Bxd4 34.Rxd4 Rb3 35.Kg2 Kf6 36.Rd6+ Kf5
37.h3 Ra3 38.g4+ Ke5 39.Rg6  1-0

[Event "11th Master Open"]
[Site "Voronezh RUS"]
[Date "2007.06.12"]
[Round "1"]
[White "Neshkov,V"]
[Black "Feoktistov,A"]
[Result "0-1"]
[WhiteElo "2161"]
[BlackElo "2449"]

1.c4 e5 2.g3 Nf6 3.Bg2 Nc6 4.Nc3 Bb4 5.Nf3 O-O 6.O-O Re8 7.Ne1 d6 8.Nc2 Bxc3
9.bxc3 Be6 10.Ne3 d5 11.cxd5 Nxd5 12.Nxd5 Bxd5 13.Bxd5 Qxd5 14.Qb3 Ne7 15.Ba3 Qc6
16.Bxe7 Rxe7 17.Rab1 b6 18.d3 Rd8 19.Rfc1 Re6 20.Qb5 Qa8 21.a4 Rd5 22.Qc4 Rc5
23.Qa6 h5 24.Rb5 Rcc6 25.h4 Rcd6 26.a5 f5 27.axb6 cxb6 28.Ra1 Qc6 29.c4 Re7
30.Qa2 Kh7 31.Qb3 f4 32.Qb2 fxg3 33.f3 Rd4 34.Rxe5 Rxh4 35.Rxe7 Qc5+ 36.d4 Qxe7
37.Qc2+ Kh6 38.Qd2+ g5 39.c5 Qd7 40.f4 Rh1+  0-1

[Event "11th Master Open"]
[Site "Voronezh RUS"]
[Date "2007.06.14"]
[Round "3"]
[White "Okun,L"]
[Black "Zaletov,Y"]
[Result "0-1"]
[WhiteElo "2370"]
[BlackElo "2129"]

1.c4 e5 2.g3 c6 3.Bg2 d5 4.Qc2 Nf6 5.d3 Be6 6.Nd2 Qb6 7.Ngf3 Nbd7 8.O-O Be7
9.a3 a5 10.b3 O-O 11.Bb2 d4 12.Rfe1 Rae8 13.e3 c5 14.h3 h6 15.Re2 Bd6 16.Rae1 Bf5
17.Nh4 Be6 18.e4 Nh5 19.Bc1 g6 20.Nf1 Kg7 21.Qd1  0-1

[Event "XXV Balaton Open A"]
[Site "Balatonlelle HUN"]
[Date "2007.06.17"]
[Round "2"]
[White "Czebe,A"]
[Black "Lengyel,B"]
[Result "1/2-1/2"]
[WhiteElo "2500"]
[BlackElo "2324"]

1.c4 e5 2.g3 Nf6 3.Bg2 d5 4.cxd5 Nxd5 5.Nc3 Nb6 6.Nf3 Nc6 7.O-O Be7 8.Rb1 O-O
9.b4 Nxb4 10.Nxe5 c6 11.d4 Be6 12.a3 Na2 13.Nxa2 Bxa2 14.Ra1 Be6 15.Bb2 Bd6
16.Bc3 Qe7 17.a4 Nd5 18.Bd2 a5 19.Nc4 Bb4 20.Rc1 f5 21.Qc2 f4 22.e4 fxe3
23.fxe3 Bxd2 24.Qxd2 Rxf1+ 25.Bxf1 Nb4 26.Ne5 Rf8 27.Bg2 Qg5 28.Rf1 Rxf1+
29.Bxf1 Qf5 30.Qc1 Bd5 31.Bc4 Qe4 32.Bxd5+ Nxd5 33.Kf2 Qf5+ 34.Ke2 h5 35.Nf3 Qh3
36.Kf2 Qf5 37.Ke2 g5 38.h4 gxh4 39.gxh4 Qg4 40.Qf1  1/2-1/2

[Event "11th Master Open"]
[Site "Voronezh RUS"]
[Date "2007.06.18"]
[Round "6"]
[White "Neshkov,V"]
[Black "Stukopin,A"]
[Result "1/2-1/2"]
[WhiteElo "2161"]
[BlackElo "2307"]

1.c4 e5 2.g3 Nc6 3.Bg2 g6 4.Nc3 d6 5.Nf3 Bg7 6.Rb1 Be6 7.d3 h6 8.b4 Qd7 9.b5 Nd8
10.Nd5 c6 11.bxc6 bxc6 12.Nc3 Ne7 13.O-O O-O 14.Ba3 f5 15.Na4 Rc8 16.Nd2 g5
17.Qb3 g4 18.Qb4 c5 19.Qb3 h5 20.e3 Bh6 21.Rfe1 h4 22.Nc3 hxg3 23.hxg3 f4
24.Be4 Nf7 25.Qb5 Qd8 26.Bb7 fxe3 27.fxe3 Rb8 28.Nce4 Nf5 29.Nf1 Ng5 30.Nxg5 Qxg5
31.Qa6 Qf6 32.Rb2 Nxe3 33.Qxa7 Nxf1 34.Be4 Bd7 35.Qxd7 Bg7 36.Bd5+ Kh8 37.Rg2 Ne3
38.Rh2+ Bh6 39.Rhe2 Nxd5 40.cxd5 Qf3 41.Qxd6 Qxg3+ 42.Kh1 Qh3+ 43.Kg1 Qg3+
44.Kh1  1/2-1/2

[Event "GM"]
[Site "Perm RUS"]
[Date "2007.06.19"]
[Round "8"]
[White "Terekhin,A"]
[Black "Varavin,V1"]
[Result "1/2-1/2"]
[WhiteElo "2323"]
[BlackElo "2432"]

1.c4 e5 2.g3 Nc6 3.Bg2 g6 4.Nc3 Bg7 5.e3 d6 6.Nge2 h5 7.h4 Nh6 8.d3 O-O 9.Rb1 a5
10.a3 Bg4 11.Nd5 a4 12.Qc2 Qd7 13.Nec3 Kh8 14.Nb5 Rac8 15.Qxa4 f5 16.Nbc3 f4
17.exf4 exf4 18.Bxf4 Rfe8+ 19.Ne4 Ra8 20.Qb5 Ra5 21.Qxb7 Ra7 22.Qb5 Ra5 23.Qb7 Ra7  1/2-1/2

[Event "11th Master Open"]
[Site "Voronezh RUS"]
[Date "2007.06.20"]
[Round "8"]
[White "Bratus,P"]
[Black "Anoshkin,A"]
[Result "1/2-1/2"]
[WhiteElo "2225"]
[BlackElo "2363"]

1.c4 e5 2.g3 Nc6 3.Bg2 g6 4.Nc3 Bg7 5.Rb1 d6 6.b4 Be6 7.b5 Na5 8.d3 Rb8 9.Bd2 Ne7
10.Ne4 c5 11.Nxd6+ Qxd6 12.Bxa5 f5 13.Nf3 h6 14.O-O b6 15.Bc3 g5 16.Qc2 Rd8
17.a4 g4 18.Nd2 h5 19.a5 h4 20.axb6 axb6 21.Ra1 Bc8 22.Ra7 Qh6 23.Rfa1 hxg3
24.hxg3 Qh2+ 25.Kf1 Rd6 26.Qb2 Re6 27.e3 O-O 28.Re1 Rf7 29.Rc7 Rf8 30.Qa1 Bf6
31.d4 exd4 32.exd4 Rxe1+ 33.Qxe1 f4 34.Rxc8 Nxc8 35.Qe6+ Kh8 36.Qxg4 fxg3
37.Nf3 Qh7 38.Be1 gxf2 39.Bxf2 Qb1+ 40.Ke2 Qc2+ 41.Nd2 Nd6 42.Qh3+ Kg7 43.Qg3+ Qg6
44.Qxg6+ Kxg6 45.dxc5 Bg5 46.cxd6 Rxf2+ 47.Kxf2 Bxd2 48.d7 Bg5 49.c5 Bd8
50.Ke3 bxc5 51.Ke4 Kf6 52.Kd5 Ke7 53.Kc6 c4 54.Bh3 c3 55.Bf5 Ba5 56.Bc2 Kd8
57.Ba4 Bc7 58.b6 Bxb6  1/2-1/2

[Event "Open"]
[Site "Pula CRO"]
[Date "2007.06.25"]
[Round "3"]
[White "Petran,Pe"]
[Black "Stevic,H"]
[Result "0-1"]
[WhiteElo "2322"]
[BlackElo "2506"]

1.g3 e5 2.c4 Nf6 3.Bg2 c6 4.d3 d5 5.cxd5 cxd5 6.Bg5 Bc5 7.e3 O-O 8.Bxf6 Qxf6
9.Bxd5 Nc6 10.Nc3 Rd8 11.Qf3 Nb4 12.Qxf6 gxf6 13.Bb3 b6 14.Ke2 Bb7 15.Nf3 Nxd3
16.Rhb1 Bb4 17.a3 Ba6  0-1

[Event "Open"]
[Site "Pula CRO"]
[Date "2007.06.26"]
[Round "4"]
[White "Cvitan,O"]
[Black "Antal,Ge"]
[Result "1-0"]
[WhiteElo "2540"]
[BlackElo "2448"]

1.c4 e5 2.g3 Nf6 3.Bg2 d5 4.cxd5 Nxd5 5.Nc3 Nb6 6.Nf3 Nc6 7.O-O Be7 8.a3 O-O
9.b4 Be6 10.Rb1 f6 11.d3 Nd4 12.Nd2 Nd5 13.Bb2 a5 14.bxa5 Rxa5 15.Nxd5 Bxd5
16.Bxd5+ Qxd5 17.e4 Qd7 18.Bxd4 exd4 19.Rxb7 Rxa3 20.Rb3 Ra2 21.Nc4 f5 22.Qb1 Re2
23.Qd1 Ra2 24.exf5 Qxf5 25.Rb2 Rxb2 26.Nxb2 h5 27.Qe2 Bf6 28.h4 Rb8 29.Nc4 Kh7
30.Qd1 Rf8 31.Qe2 Rb8 32.Nd2 Rb2 33.Rc1 Qg6 34.Rc5 Kh6 35.Qf3 Qg4 36.Qxg4 hxg4
37.Ne4 Rb3 38.Rxc7 Rxd3 39.Rd7 Rd1+ 40.Kg2 Kg6 41.f3 gxf3+ 42.Kxf3 Re1 43.Kf4 Rf1+
44.Kg4 Re1 45.h5+ Kh6 46.Nd6 Kh7 47.Nf5 Re4+ 48.Kf3 Re5 49.Kf4 Ra5 50.g4 d3
51.g5 Ra4+ 52.Kf3 Ra5 53.Ke4 d2 54.gxf6 Ra4+ 55.Kf3 Ra7 56.Rxd2 Rf7 57.Rd6 gxf6
58.Re6 Rf8 59.Re7+ Kh8 60.Nh4  1-0

[Event "4th Open"]
[Site "Proville FRA"]
[Date "2007.06.29"]
[Round "2"]
[White "Colin,V"]
[Black "Levesque,T"]
[Result "1/2-1/2"]
[WhiteElo "2437"]
[BlackElo "2092"]

1.c4 e5 2.g3 g6 3.Bg2 Bg7 4.Nc3 Ne7 5.Nf3 O-O 6.O-O Nbc6 7.d3 h6 8.Rb1 d6
9.Nd2 Kh7 10.b4 f5 11.b5 Nd4 12.a4 Rb8 13.f4 Ne6 14.Nd5 exf4 15.gxf4 Nxd5
16.cxd5 Bd4+ 17.Kh1 Ng7 18.Nf3 Bf6 19.Be3 g5 20.Bxa7 Ra8 21.Bg1 Nh5 22.fxg5 hxg5
23.e4 g4 24.exf5 gxf3 25.Bxf3 Ng7 26.Be4 Rh8 27.Rc1 Bd7 28.Qc2 Rc8 29.Rf3 Kg8
30.d4 Qe8 31.Rc3 Rh4 32.Bg2 Bxf5 33.Qf2 Qh5 34.Rxc7 Rxc7 35.Rxc7 Bxd4 36.Qf3 Qg6
37.Bxd4 Rxd4 38.h3 Be4 39.Qf2 Rd3 40.Rc8+ Ne8 41.Kh2 Kg7 42.Bxe4 Qxe4 43.Qg2+ Qxg2+
44.Kxg2 Kf7 45.Rb8 Rxd5 46.Rxb7+ Ke6 47.a5 Rd2+ 48.Kf3 Ra2 49.a6 d5 50.h4 Nd6
51.h5 Nxb5 52.Rxb5 Rxa6 53.Kf4 Kf6 54.Rb4 Re6  1/2-1/2

[Event "Open"]
[Site "Pula CRO"]
[Date "2007.06.29"]
[Round "8"]
[White "Cvitan,O"]
[Black "Milman,L"]
[Result "1/2-1/2"]
[WhiteElo "2540"]
[BlackElo "2484"]

1.c4 e5 2.g3 Nf6 3.Bg2 d5 4.cxd5 Nxd5 5.Nc3 Nb6 6.Nf3 Nc6 7.O-O Be7 8.a3 O-O
9.b4 Be6 10.Rb1 f6 11.d3 a5 12.b5 Nd4 13.Nd2 Qc8 14.e3 Nf5 15.Qc2 Rd8 16.Bb2 a4
17.Rfc1 Nd6 18.Nde4 Ne8 19.Ne2 Bb3 20.Qc3 Qd7 21.d4 Qxb5 22.Bf1 Bc4 23.Ba1 Bb3
24.Nd2 Bxa3 25.Nxb3 axb3 26.Rxb3 Qa5 27.Rcb1 exd4 28.Nxd4 Qxc3 29.Bxc3 Kf7
30.Bh3 Rdb8 31.Be6+ Kg6 32.Nf5 Nd6 33.Nxd6 Bxd6 34.Bd4 Be5 35.Bxb6 cxb6 36.Rxb6 Ra6
37.Bd5 Rxb6 38.Rxb6 Bc7 39.Rxb7 Rxb7 40.Bxb7 Kf7  1/2-1/2

[Event "4th Open"]
[Site "Proville FRA"]
[Date "2007.07.01"]
[Round "6"]
[White "Colin,V"]
[Black "Shirazi,K"]
[Result "1-0"]
[WhiteElo "2437"]
[BlackElo "2424"]

1.c4 e5 2.g3 h5 3.h4 Nf6 4.Bg2 d5 5.cxd5 Nxd5 6.Nc3 Ne7 7.Nf3 Nbc6 8.d3 g6
9.Bg5 Bg7 10.O-O f6 11.Be3 Nf5 12.Bc5 b6 13.Ba3 Bb7 14.e3 Qd7 15.Kh2 O-O-O
16.Bh3 Kb8 17.e4 Bh6 18.exf5 gxf5 19.Ne1 Rdg8 20.Ne2 Rg4 21.b3 Nd4 22.Nxd4 Qxd4
23.Nc2 Qd7 24.f3 Rg6 25.Bc1 Bf8 26.d4 Rhg8 27.dxe5 Qe8 28.Rg1 fxe5 29.Bxf5 Bc5
30.Be3 Rd6 31.Qe2 Qd8 32.Rad1 e4 33.Bxe4 Rxd1 34.Qxd1 Bd6 35.Bg5 Rxg5 36.hxg5 Bxe4
37.fxe4 Qxg5 38.Kh3 a5 39.Qf3 h4 40.e5 Qxe5 41.Re1 Qh8 42.gxh4 Ka7 43.Re2 Qc8+
44.Qg4 Qf8 45.Ne3 Qf6 46.Nf5 Bc5 47.Qf4 Kb7 48.Nd6+ Qxd6 49.Qxd6 cxd6 50.h5 Kc6
51.Rc2 Kb5 52.Rxc5+ bxc5 53.h6 Kb4 54.h7 Ka3 55.h8=Q Kxa2 56.Qc3 Ka3 57.b4+ Ka4
58.bxc5 dxc5 59.Qxc5  1-0

[Event "ch-IRL"]
[Site "Dublin IRL"]
[Date "2007.07.07"]
[Round "8"]
[White "Palmer,B"]
[Black "Fitzsimons,D"]
[Result "0-1"]
[WhiteElo "1980"]
[BlackElo "2133"]

1.c4 e5 2.g3 Nc6 3.Bg2 Bc5 4.Nc3 a6 5.a3 d6 6.e3 Nge7 7.Nge2 Ba7 8.d4 h5
9.d5 Nb8 10.h4 Nd7 11.Ng1 Nf6 12.Ne4 Nxe4 13.Bxe4 Bd7 14.Bg2 c6 15.dxc6 Bxc6
16.Nf3 b5 17.cxb5 Bxb5 18.a4 Bc6 19.O-O Qd7 20.b3 f6 21.Ba3 d5 22.Rc1 Kf7
23.Qe2 Bb7 24.Ne1 Rac8 25.Nd3 d4 26.exd4 Bxg2 27.Kxg2 Bxd4 28.Bxe7 Kxe7 29.Nf4 Kf7
30.Rxc8 Qxc8 31.Nd5 Qe6 32.Qf3 e4 33.Qf4 Qxd5  0-1

[Event "Open"]
[Site "Banska Stiavnica SVK"]
[Date "2007.07.10"]
[Round "4"]
[White "Petran,Pe"]
[Black "Nemeth,Mi1"]
[Result "0-1"]
[WhiteElo "2346"]
[BlackElo "2427"]

1.g3 e5 2.c4 Nf6 3.Bg2 d5 4.cxd5 Nxd5 5.Nc3 Nb6 6.d3 Be7 7.Nf3 Nc6 8.O-O O-O
9.a3 Re8 10.b4 Bf8 11.Be3 a5 12.b5 Nd4 13.a4 Bg4 14.Ng5 h6 15.f3 Bc8 16.Nh3 Be6
17.Kh1 Bb4 18.Bxd4 exd4 19.Ne4 Nd5 20.Qc1 Ne3 21.Rf2 c6 22.bxc6 Rc8 23.Nf4 Rxc6
24.Qg1 f5 25.Nxe6 Rexe6 26.Bh3 Re7  0-1

[Event "6th Open"]
[Site "La Fere FRA"]
[Date "2007.07.11"]
[Round "7"]
[White "Houriez,C"]
[Black "Godart,F"]
[Result "1-0"]
[WhiteElo "2181"]
[BlackElo "2013"]


1.g3 e5 2.c4 Nf6 3.Bg2 Nc6 4.Nf3 Bc5 5.Nc3 d6 6.Na4 Bb6 7.Nxb6 axb6 8.O-O O-O
9.d4 h6 10.b3 Bf5 11.Bb2 Re8 12.Re1 e4 13.Nh4 Bh7 14.Bh3 Ne7 15.d5 Ng6 16.Nf5 Ne5
17.Ne3 Kf8 18.Qd2 Qe7 19.Bc3 Bg6 20.Kh1 Bh5 21.Rf1 Nfg4 22.Nc2 Qg5 23.Qd4 Qf6
24.Bg2 Nd7 25.Qd2 Qg5 26.Qd4 Qf6 27.Qd2 Qg5 28.Qxg5 hxg5 29.Bd2 Ngf6 30.Rfe1 g4
31.Nd4 Ne5 32.Nb5 Re7 33.Red1 Rd8 34.Bg5 Bg6 35.Rd4 Rc8 36.a4 Ned7 37.b4 Ke8
38.a5 bxa5 39.Rxa5 Kd8 40.Ra7 Rb8 41.Kg1 Kc8 42.h4 Re8 43.Kf1 Nh7 44.Bf4 Ne5
45.Bxe4 Bxe4 46.Rxe4 f5 47.Re3 Nf6 48.Bxe5 Rxe5 49.Rxe5 dxe5 50.d6 c6 51.Nc7 Kd7
52.c5 Nd5 53.Na6  1-0

[Event "XXII Tadeusz Gniota Mem"]
[Site "Police POL"]
[Date "2007.07.11"]
[Round "1"]
[White "Urban,K"]
[Black "Lasinskas,P"]
[Result "1-0"]
[WhiteElo "2481"]
[BlackElo "2183"]

1.g3 e5 2.c4 d6 3.Nc3 c6 4.d4 Qc7 5.Nf3 Nf6 6.Bg2 Bg4 7.O-O Nbd7 8.h3 Bxf3
9.Bxf3 Be7 10.Bg2 O-O 11.Be3 a6 12.Rc1 h6 13.dxe5 dxe5 14.Na4 Rfd8 15.Qb3 Nh7
16.Nb6 Rab8 17.Nxd7 Rxd7 18.Bb6 Qc8 19.h4 Rd6 20.c5 Rf6 21.Qc3 Rg6 22.Qxe5 Re6
23.Qh5 Nf6 24.Qf3 Re4 25.a3 Qe6 26.e3 Re5 27.b4 Bd8 28.Bxd8 Rxd8 29.Rfd1 Red5
30.Rxd5 Rxd5 31.Rd1 Rxd1+ 32.Qxd1 Qa2 33.Qd8+ Kh7 34.Qd3+ Kg8 35.Bf3 Nd5
36.Kg2 Kh8 37.h5 Kg8 38.e4 Nf6 39.Qd8+ Kh7 40.e5 Nd5 41.Be4+ g6 42.hxg6+ fxg6
43.Qd7+  1-0

[Event "22nd North Sea Cup"]
[Site "Esbjerg DEN"]
[Date "2007.07.15"]
[Round "5"]
[White "Carlstedt,J"]
[Black "Hoiberg,N"]
[Result "1/2-1/2"]
[WhiteElo "2083"]
[BlackElo "2236"]

1.c4 e5 2.g3 Nc6 3.Bg2 d6 4.Nc3 f5 5.d3 Nf6 6.e3 Be7 7.Nge2 O-O 8.Rb1 a5
9.a3 Kh8 10.b4 axb4 11.axb4 d5 12.b5 Nb4 13.O-O d4 14.exd4 exd4 15.Na4 Nxd3
16.Qxd3 Rxa4 17.Nxd4 Bc5 18.Rd1 Ne4 19.Bb2 Qg5 20.Qc2 Ra8 21.Ra1 Rxa1 22.Bxa1 Qg6
23.f3 Nd6 24.Kh1 f4 25.Qxg6 hxg6 26.Nb3 Be3 27.Be5 Nxc4 28.Bxc7 Bf5 29.Na5 Nxa5
30.Bxa5 b6 31.Bb4 Rc8 32.Bf1 Rc2 33.Bd3 Rf2 34.Bxf5 gxf5 35.Bd6 fxg3 36.hxg3 Rxf3
37.Be5 f4 38.gxf4 Bxf4 39.Rd8+ Kh7 40.Bd4 Rf1+ 41.Kg2 Rb1 42.Kf3 g5 43.Rd5 Rd1
44.Ke4 Kg6 45.Bxb6 Rxd5 46.Kxd5 Kf5 47.Bc5 g4 48.b6  1/2-1/2

[Event "Heart of Finland"]
[Site "Jyvaskyla FIN"]
[Date "2007.07.17"]
[Round "4"]
[White "Niemi,M"]
[Black "Lauk,U"]
[Result "0-1"]
[WhiteElo "2149"]
[BlackElo "2424"]

1.c4 e5 2.g3 Nf6 3.Bg2 c6 4.d4 d6 5.Nc3 Nbd7 6.Nf3 Be7 7.O-O O-O 8.e4 Re8
9.d5 cxd5 10.Nxd5 Nxd5 11.Qxd5 Nc5 12.Qd1 Be6 13.b3 b5 14.cxb5 Qa5 15.Be3 Qxb5
16.Bxc5 Qxc5 17.Rc1 Qa3 18.Qd2 Rec8 19.Rxc8+ Rxc8 20.Ne1 a5 21.Nd3 h6 22.h4 Bd8
23.Rc1 Rxc1+ 24.Nxc1 Bb6 25.Bf3 Bd4 26.Nd3 a4 27.Bd1 axb3 28.Bxb3 Bxb3 29.axb3 Qxb3
30.Qe2 h5 31.Kg2 g6 32.Ne1 Qb7 33.Nf3 Kg7 34.Qd3 Qb2 35.Qd2 Qxd2 36.Nxd2 f5
37.Kf3 Kf6 38.Ke2 fxe4 39.Nxe4+ Ke6 40.f3 d5 41.Ng5+ Kf5 42.Nh3 Bc5 43.Kd3 e4+
44.fxe4+ dxe4+ 45.Ke2 Bd6 46.Kf2 Kg4 47.Ng5 Bxg3+ 48.Kg2 e3  0-1

[Event "XII Open"]
[Site "Balaguer ESP"]
[Date "2007.07.18"]
[Round "3"]
[White "Martinez Lopez,I"]
[Black "Arizmendi Martinez,J"]
[Result "0-1"]
[WhiteElo "2209"]
[BlackElo "2522"]

1.c4 e5 2.g3 Nf6 3.Bg2 c6 4.d4 Bb4+ 5.Bd2 Bxd2+ 6.Qxd2 d6 7.dxe5 dxe5 8.Qxd8+ Kxd8
9.Nd2 h6 10.Ne4 Nxe4 11.Bxe4 Be6 12.O-O-O+ Kc7 13.b3 a5 14.Nf3 Nd7 15.Kb2 Rhe8
16.Bc2 Bg4 17.Ng1 g6 18.h3 Be6 19.e3 Rad8 20.Nf3 Re7 21.e4 f6 22.g4 Rh7 23.Rd2 g5
24.Rg1 h5 25.Ne1 hxg4 26.hxg4 Rh2 27.Kc3 Rdh8 28.f3 R2h3 29.Rf2 Nc5 30.Nd3 Nd7
31.a3 Nf8 32.b4 axb4+ 33.axb4 Bc8 34.b5 Ne6 35.bxc6 bxc6 36.Ra1 Nd4 37.Bd1 Rh2
38.Ra7+ Bb7 39.Rxh2 Rxh2 40.Ra3 Bc8 41.Ra7+ Bb7 42.Ra3 Rh3 43.Ne1 c5 44.Kb2 Rh1
45.Re3 Ba6 46.Kc3 Rh2 47.Nd3 Kd6 48.Nc1 Bc8 49.Rd3 Be6 50.Re3 Rh8 51.Rd3 Rb8
52.Bb3 Kc7 53.Ba2 Rb4 54.Re3 Ra4 55.Bb3 Nxb3 56.Nxb3 Rxc4+ 57.Kd2 Kb6 58.Rd3 Kc7
59.Nc1 Ra4 60.Rc3 Kd6 61.Rd3+ Kc6 62.Rc3 c4 63.Ne2 Ra8 64.Rc1 Rd8+ 65.Ke3 Rd3+
66.Kf2 Kc5 67.Ra1 c3 68.Nc1 Rd1 69.Ke2 c2 70.Nd3+ Kd4 71.Ra4+ Bc4  0-1

[Event "22nd North Sea Cup"]
[Site "Esbjerg DEN"]
[Date "2007.07.19"]
[Round "9"]
[White "Hagen,Andr"]
[Black "Grove,P"]
[Result "1-0"]
[WhiteElo "2241"]
[BlackElo "2010"]

1.c4 e5 2.g3 Nc6 3.Bg2 g6 4.Nc3 Bg7 5.e4 h5 6.h4 d6 7.Nge2 Be6 8.Nd5 Nd4
9.Nxd4 exd4 10.d3 Nf6 11.Bg5 c6 12.Nf4 Bd7 13.O-O Qc8 14.Ne2 Nh7 15.Bf4 Be5
16.b4 Bh3 17.c5 Bxg2 18.Kxg2 Qe6 19.Qb3 Qxb3 20.axb3 Ke7 21.cxd6+ Bxd6 22.Bxd6+ Kxd6
23.Nxd4 Kc7 24.Nc2 g5 25.Ra5 gxh4 26.Rxh5 Rad8 27.Rxh4 Ng5 28.Rxh8 Rxh8 29.f4 Ne6
30.d4 Rd8 31.Rd1 Rg8 32.Kf3 Rh8 33.Ne3 Rh2 34.d5 Nd8 35.d6+ Kb6 36.e5 Kb5
37.f5 Kxb4 38.Rd3 a5 39.g4 b5 40.g5 a4 41.bxa4 bxa4 42.g6 fxg6 43.e6 Rh8
44.d7 Rh7 45.fxg6 Re7 46.g7 Rxg7 47.Nf5 Rg5 48.e7 Rxf5+ 49.Kg4  1-0

[Event "22nd North Sea Cup"]
[Site "Esbjerg DEN"]
[Date "2007.07.20"]
[Round "10"]
[White "Nielsen,Po"]
[Black "Madsen,Mi"]
[Result "1-0"]
[WhiteElo "2025"]
[BlackElo "2006"]

1.c4 e5 2.g3 Bc5 3.Bg2 Nf6 4.d3 O-O 5.Nf3 Nc6 6.O-O d6 7.Nc3 Bg4 8.Bg5 h6
9.Bxf6 Qxf6 10.Ne4 Qe6 11.Nxc5 dxc5 12.Nd2 Nd4 13.Re1 c6 14.Ne4 b6 15.Nc3 Bh3
16.Bh1 Nf5 17.a3 Ne7 18.b4 cxb4 19.axb4 f5 20.b5 e4 21.bxc6 Qxc6 22.Qb3 Qc5
23.dxe4 f4 24.Nd5 Ng6 25.e3 f3 26.Nf4 Nxf4 27.exf4 g5 28.Qxf3 Kh7 29.f5 Rfd8
30.Qh5 g4 31.Qg6+ Kh8 32.Qxh6+ Kg8 33.e5 Rac8 34.Rxa7 Qxe5 35.Qg6+  1-0

[Event "MTO"]
[Site "Biel SUI"]
[Date "2007.07.24"]
[Round "2"]
[White "Cvitan,O"]
[Black "Arjun,V"]
[Result "1-0"]
[WhiteElo "2529"]
[BlackElo "2325"]

1.c4 e5 2.g3 Nc6 3.Bg2 Bc5 4.Nc3 a6 5.e3 Nge7 6.Nge2 d6 7.O-O O-O 8.h3 Ba7
9.d3 f5 10.Nd5 Be6 11.b3 Ng6 12.Kh2 Qd7 13.f4 Rae8 14.Bd2 Nd8 15.e4 c6 16.Ne3 exf4
17.Nxf5 Bxf5 18.exf5 fxg3+ 19.Nxg3 Nh4 20.Qg4 Nxg2 21.Kxg2 Nf7 22.d4 Kh8
23.Rae1 d5 24.c5 Bb8 25.Bf4 Bxf4 26.Qxf4 Nh6 27.Qg5 Nf7 28.Qh4 Nh6 29.Rxe8 Qxe8
30.f6 Qg6 31.fxg7+ Kxg7 32.Rxf8 Kxf8 33.Qf4+ Nf7 34.h4 Ke8 35.Qc7 Nd8 36.h5 Qd3
37.Qe5+ Kd7 38.Nf5 Qd2+ 39.Kh3 Qd3+ 40.Kh4 Qe4+ 41.Qxe4 dxe4 42.Kg5 Ne6+
43.Kg4 e3 44.Nxe3 Nxd4 45.Kg5 Ne6+ 46.Kh6 Nf4 47.Nc4 Ke6 48.Na5 Kd5 49.Nxb7 Kd4
50.Kg5 Nd5 51.Kf5 Kc3 52.Ke5 Kb2 53.Kd6 Kxa2 54.Na5 Nf6 55.h6 Ng4 56.Nxc6 Nxh6
57.Ke6 Ng4 58.Nd4 Nf2 59.c6 Ne4 60.c7 Nc5+ 61.Ke7  1-0

[Event "Open NK"]
[Site "Dieren NED"]
[Date "2007.07.24"]
[Round "1"]
[White "Niemi,M"]
[Black "Bosboom,M"]
[Result "1/2-1/2"]
[WhiteElo "2149"]
[BlackElo "2440"]

1.c4 e5 2.g3 g6 3.Bg2 Bg7 4.Nc3 d6 5.d3 Ne7 6.Rb1 O-O 7.e3 c6 8.Nge2 Be6
9.O-O Qd7 10.Re1 Bh3 11.Bh1 Na6 12.b4 Nc7 13.b5 Ne6 14.bxc6 bxc6 15.Ba3 f5
16.Qa4 f4 17.Ne4 fxe3 18.fxe3 Bh6 19.N2c3 Nc5 20.Nxc5 Qf5 21.Be4 Qf2+ 22.Kh1 Rf3
23.Rg1 Raf8 24.Qd1 Bxe3 25.Nb3 c5 26.Bxf3 Rxf3 27.Ne4 Qxg1+ 28.Qxg1 Bxg1
29.Kxg1 Bf5 30.Rd1 Nc6 31.Kg2 Rxd3 32.Nf2 Rxd1 33.Nxd1 Bb1 34.Nc1 Kf7 35.Kf2 Ke6
36.Ke3 Nd4 37.Bb2 Nf5+ 38.Kf3 h5 39.Nc3 Nd4+ 40.Ke3 Bf5 41.Nd5 Nc6 42.Nb3 Bh3
43.Kf2 Bf5 44.Nd2 Bd3 45.Ne3 g5 46.h3 e4 47.Ng2 Na5 48.Ne3 Nc6 49.Bc3 Ne7
50.Ng2 d5 51.cxd5+ Nxd5 52.Bg7 h4 53.gxh4 gxh4 54.Nb3 c4 55.Nd4+ Kf7 56.Be5 c3
57.Nf4 c2 58.Nb3 Bc4 59.Nc1 Nb4 60.a3 Nd3+ 61.Nfxd3 exd3 62.Ke3 Be6 63.Kxd3 Bxh3
64.Kxc2 Ke6 65.Bd4 a6 66.Kc3 Bf1 67.Nb3 Kd5 68.Bg1 h3 69.Kb4 Bc4 70.Nd2 Be2
71.Nb3 Bc4  1/2-1/2

[Event "Open NK"]
[Site "Dieren NED"]
[Date "2007.07.25"]
[Round "2"]
[White "Veltman,J"]
[Black "Bitalzadeh,A"]
[Result "1/2-1/2"]
[WhiteElo "2137"]
[BlackElo "2390"]

1.c4 e5 2.g3 c6 3.d4 Bb4+ 4.Bd2 Bxd2+ 5.Qxd2 d6 6.dxe5 dxe5 7.Qxd8+ Kxd8
8.Nc3 Be6 9.b3 Na6 10.Bh3 Ke7 11.Bxe6 Kxe6 12.Nf3 Nf6 13.O-O Rhd8 14.Rfd1 h6
15.Ne1 Nc5 16.f3 a5 17.Kf2 h5 18.Nd3 Nxd3+ 19.Rxd3 Rxd3 20.exd3 Kd6 21.Ke3 Ke6
22.Rd1 Rd8  1/2-1/2

[Event "Open NK"]
[Site "Dieren NED"]
[Date "2007.07.26"]
[Round "3"]
[White "Niemi,M"]
[Black "L'Ami,E"]
[Result "0-1"]
[WhiteElo "2149"]
[BlackElo "2598"]

1.c4 e5 2.g3 Nf6 3.Bg2 d5 4.cxd5 Nxd5 5.Nf3 Nc6 6.O-O Be7 7.d4 e4 8.Ne5 f5
9.Nxc6 bxc6 10.Nc3 O-O 11.f3 exf3 12.Bxf3 Be6 13.Qa4 Qd7 14.Nxd5 Bxd5 15.Bf4 Rfb8
16.Rac1 Bxf3 17.Rxf3 Rxb2 18.Rxc6 Rb4 19.Qc2 Qxd4+ 20.Be3 Qa1+ 21.Rf1 Qe5
22.Bf4 Qb5 23.Rxc7 Rb2 24.Qd3 Qxd3 25.exd3 Bf6 26.Be3 Rxa2 27.Rxf5 a5 28.g4 h6
29.h4 Re8 30.Bf2 a4 31.g5 hxg5 32.hxg5 Be5 33.Ra7 a3 34.Bc5 Rc2 35.d4 Bh2+
36.Kf1 Bg3 37.Be7 Rb8 38.Rf8+ Rxf8+ 39.Bxf8 Rf2+ 40.Kg1 Rxf8 41.Rxa3 Bf2+
42.Kg2 Bxd4 43.g6 Rd8 44.Kf3 Kf8 45.Ke4 Bf6 46.Ra5 Ke7 47.Kf5 Rd7 48.Rb5 Rc7
49.Ra5 Kd6 50.Ra6+ Rc6  0-1

[Event "Siberia B"]
[Site "Novosibirsk RUS"]
[Date "2007.07.26"]
[Round "8"]
[White "Shakirov,A"]
[Black "Kharashuta,E"]
[Result "1-0"]
[WhiteElo "1950"]
[BlackElo "2211"]

1.c4 e5 2.g3 Nf6 3.Bg2 c6 4.d4 d6 5.Nc3 Nbd7 6.e4 Be7 7.Nf3 O-O 8.O-O Re8
9.h3 a6 10.a4 a5 11.Be3 Qc7 12.Qc2 Nf8 13.Rad1 Ng6 14.Nh2 exd4 15.Bxd4 Be6
16.b3 Qc8 17.h4 Bh3 18.Rd2 Bxg2 19.Kxg2 Ng4 20.Qd1 Nxh2 21.Kxh2 Ne5 22.Kg2 Bf6
23.Re1 Bd8 24.Be3 Be7 25.Na2 Qe6 26.Nc1 Ng6 27.Bd4 Bxh4 28.gxh4 Nxh4+ 29.Kg3 Nf5+
30.Kg2 Qg6+ 31.Kf1 Nh4 32.f3 Qg3 33.Rf2 f5 34.Qd3 Ng6 35.Re3 Nf4 36.Qd2 Re6
37.Rh2 Rae8 38.Nd3 c5 39.Bc3 R6e7 40.Qf2 Qg5 41.Qh4 Qxh4 42.Rxh4 Ng6 43.Rh3 b6
44.Nf2 Nf4 45.Rh4 Ng6 46.Rh1 Nf4 47.Rg1 g6 48.Ke1 d5 49.cxd5 Nxd5 50.Rd3 Nxc3
51.Rxc3 Rd8 52.Ke2 fxe4 53.Nxe4 Rd4 54.Rd3 Rb4 55.Rg5 Kg7 56.Rgd5 c4 57.bxc4 Rxc4
58.R3d4 Rec7 59.Kd3 Rc1 60.Rd7+ Rxd7 61.Rxd7+ Kh6 62.Rb7 Rb1 63.Nf6 Rb4 64.Rxh7+ Kg5
65.Ne4+ Kf5 66.Nc3 g5 67.Rf7+ Ke5 68.Rd7 g4 69.Rd5+ Ke6 70.fxg4 Rxg4 71.Rb5 Rg3+
72.Kd4 Kd7 73.Rxb6 Rg4+ 74.Ne4 Rg1 75.Ra6 Rd1+ 76.Kc4  1-0